000 01960cam a2200289 4500500
005 20260405003815.0
041 _afre
042 _adc
100 1 0 _aTourenne, Yves
_eauthor
245 0 0 _aClaude Tresmontant et la découverte émerveillée du Réel. In memoriam (2)
260 _c2026.
500 _a94
520 _aPoursuivant la présentation de la vie et de l’oeuvre de Claude Tresmontant (cf. NRT 148/1, 2026, p. 88-102), cette seconde partie approfondit quelques enjeux spirituels et philosophiques majeurs de la pensée de Claude Tresmontant : le refus du chaos originel au nom d’un réalisme informé, la compréhension du surnaturel comme coopération, une métaphysique de l’existence orientée vers la naissance et la vie, enfin l’espérance comme acte d’intelligence. Elle met en lumière l’unité d’un geste intellectuel à la fois rigoureux et contemplatif.
520 _aContinuing the presentation of Claude Tresmontant’s life and work (see NRT 148/1, 2026, pp. 88–102), this second part explores some of the major spiritual and philosophical stakes of his thought: the rejection of primordial chaos in the name of an informed realism; the understanding of the supernatural as cooperation; a metaphysics of existence oriented toward birth and life; and finally, hope as an act of intelligence. It brings to light the unity of an intellectual approach that is both rigorous and contemplative.
690 _aCosmologie
690 _aMétaphysique
690 _aPensée hébraïque
690 _aPhilosophie chrétienne
690 _aRévélation
690 _aChristian philosophy
690 _aCosmology
690 _aHebrew thought
690 _aMetaphysics
690 _aRevelation
786 0 _nNouvelle revue théologique | 148 | 2 | 2026-03-10 | p. 260-271 | 0029-4845
856 4 1 _uhttps://shs.cairn.info/revue-nouvelle-revue-theologique-2026-2-page-260?lang=fr&redirect-ssocas=7080
999 _c2071004
_d2071004